00490nam a2200193 a 4500001001300000003000900013005001700022008004100039020000900080082001600089100001700105245004600122260003500168300000900203500003500212505001200247650002000259700001700279nice12345678IN_TiNIC20260116011934.0050524s1980 newa grp 000 0 eng  ac5500a297.2bAHM1 aAhmed, Nisar aFundamental Teachings of Quran and Hadith aNew DelhibKitab Bhavan c1980 a118p aincludes index and biblioraphy2 a3 parts aIslam-Doctrines1 aAhmed, Nisar